000
00264nam a2200109Ia 4500
005
20251222114407.0
008
251222s1900||||xx |||||||||||||| ||spa||
082
_a
DVD0092/J92S/2006
245
0
_a
Orden sacerdotal
264
_b
Fajardo Olivares, Walter.
942
_c
DVD
999
_c
1880
_d
1880